000 00213nam a22000857a 4500
008 170327b xxu||||| |||| 00| 0 eng d
100 _93039
_aPurang.Y.P.
245 _aManual on Science-X
260 _aNew Delhi
_bAPC
_c2010
999 _c6293
_d6293